Parents and delinquency; (Record no. 90955)

MARC details
000 -LEADER
fixed length control field 00898cam a22002531 4500
001 - CONTROL NUMBER
control field ss 54000016
003 - CONTROL NUMBER IDENTIFIER
control field DLC
005 - DATE AND TIME OF LATEST TRANSACTION
control field 20260227112752.0
008 - FIXED-LENGTH DATA ELEMENTS--GENERAL INFORMATION
fixed length control field 810813s1954 dcu f100 0 eng c
010 ## - LIBRARY OF CONGRESS CONTROL NUMBER
LC control number ss 54000016
035 ## - SYSTEM CONTROL NUMBER
System control number (OCoLC)7666739
040 ## - CATALOGING SOURCE
Original cataloging agency Social Security Admin. Libr.
Transcribing agency OkAdE
Modifying agency ISS
-- OCoLC
-- DLC
042 ## - AUTHENTICATION CODE
Authentication code premarc
050 00 - LIBRARY OF CONGRESS CALL NUMBER
Classification number HV9104
Item number .W53
086 0# - GOVERNMENT DOCUMENT CLASSIFICATION NUMBER
Classification number FS 3.209:349
100 1# - MAIN ENTRY--PERSONAL NAME
Personal name Witmer, Helen Leland.
245 10 - TITLE STATEMENT
Title Parents and delinquency;
Remainder of title a report of a conference.
260 ## - PUBLICATION, DISTRIBUTION, ETC.
Place of publication, distribution, etc. Washington,
Name of publisher, distributor, etc. U.S. Dept. of Health, Education, and Welfare, Social Security Administration, Children's Bureau
Date of publication, distribution, etc. [1954]
300 ## - PHYSICAL DESCRIPTION
Extent 43 p.
Dimensions 23 cm.
490 1# - SERIES STATEMENT
Series statement United States. Children's Bureau. Publication
Volume/sequential designation no. 350
650 #0 - SUBJECT ADDED ENTRY--TOPICAL TERM
Topical term or geographic name entry element Juvenile delinquency
Geographic subdivision United States.
650 #0 - SUBJECT ADDED ENTRY--TOPICAL TERM
Topical term or geographic name entry element Parent and child.
830 #0 - SERIES ADDED ENTRY--UNIFORM TITLE
Uniform title Bureau publication (United States. Children's Bureau) ;
Volume/sequential designation no. 350.

No items available.

Powered by Koha